FIFA World Cup 2026 - Panama Squad - Statistics

General Stats
  • This quiz has been taken 5 times
  • The average score is 8 of 27
Answer Stats
Team # Position Club/Country Player % Correct
Panama 23 RB Besiktas JK Amir Murillo
60%
Panama 6 DM Ironi Kiryat Shmona Cristian Martínez
60%
Panama 7 LW FC Juárez José Luis Rodríguez
60%
Panama 9 ST Deportivo Saprissa Tomás Rodríguez
60%
Panama 2 RB Slovan Bratislava César Blackman
40%
Panama 21 RW CD Cobresal César Yanis
40%
Panama 3 CB Norwich City José Córdoba
40%
Panama Manager Spain Thomas Christiansen
40%
Panama 11 RW Mazatlán FC Yoel Bárcenas
40%
Panama 8 CM UNAM Pumas Adalberto Carrasquilla
20%
Panama 19 RW CD Plaza Amador Alberto Quintero
20%
Panama 16 CB LASK Andrés Andrade
20%
Panama 20 DM San Diego FC Anibal Godoy
20%
Panama 24 ST CD Universidad Católica Azarias Londoño
20%
Panama 14 DM Minnesota United FC Carlos Harvey
20%
Panama 18 ST Universidad de Concepción Cecilio Waterman
20%
Panama 12 GK CD Marathón César Samudio
20%
Panama 5 CB FC Pari Nizhniy Novgorod Edgardo Fariña
20%
Panama 15 LB CD Plaza Amador Éric Davis
20%
Panama 4 CB Deportivo Saprissa Fidel Escobar
20%
Panama 10 LW Club León FC Ismael Díaz
20%
Panama 13 CB Academia Puerto Cabello Jiovany Ramos
20%
Panama 26 LB Deportivo La Guaira Jorge Gutiérrez
20%
Panama 17 ST CD Universidad Católica José Fajardo
20%
Panama 1 GK Club Nacional Luis Mejía
20%
Panama 22 GK Al-Fayha FC Orlando Mosquera
20%
Panama 25 CB Turan-Tovuz IK Roderick Miller
20%
No matching quizzes found
Score Distribution
Percent of People with Each Score
Percentile by Number Answered
Your Score History
You have not taken this quiz